Educación patrimonial en el trabajo de campo arqueológico : Áreas verdes y espacios de paz en la ciudad presente /

Con el presente artículo queremos dar cuenta de las actividades de educación patrimonial desarrolladas dentro del marco de proyectos de investigación arqueológica, en comunidades rurales mapuche de la IX˚ y X˚ región en el sur de Chile. Nos interesa exponer estas acciones pedagógicas, debatir sobre...

Descripción completa

Detalles Bibliográficos
Autor principal: Godoy Gallardo, Marcelo
Otros Autores: Adán Alfaro, Leonor
Formato: Analitica de revista
Lenguaje:español
Acceso en línea:Acceso electrónico al documento

MARC

LEADER 00000cab a2200000 a 4500
001 041501
003 UAHC_CL
005 20170803124602.0
008 050504b xx j 000 1 spa
040 |a UAHC_CL  |c UAHC_CL  |d UAHC_CL 
100 1 |a Godoy Gallardo, Marcelo 
245 1 0 |a Educación patrimonial en el trabajo de campo arqueológico :  |b Áreas verdes y espacios de paz en la ciudad presente /  |c Marcelo Godoy Gallardo , Leonor Adán Alfaro. 
500 |a GODOY GALLARDO, Marcelo y ADAN ALFARO, Leonor. Educación patrimonial en el trabajo de campo arqueológico. Rev. austral cienc. soc., 2003, no.7, p.139-152. ISSN 0718-1795. 
500 |a GODOY GALLARDO, Marcelo y ADAN ALFARO, Leonor. Educación patrimonial en el trabajo de campo arqueológico. Rev. austral cienc. soc., 2003, no.7, p.139-152. ISSN 0718-1795. 
520 |a Con el presente artículo queremos dar cuenta de las actividades de educación patrimonial desarrolladas dentro del marco de proyectos de investigación arqueológica, en comunidades rurales mapuche de la IX˚ y X˚ región en el sur de Chile. Nos interesa exponer estas acciones pedagógicas, debatir sobre la metodología aplicada en el trabajo de campo arqueológico y sobre la relación de antropólogos y etnógrafos con la alteridad y con el patrimonio cultural allí presente. 
520 |a Con el presente artículo queremos dar cuenta de las actividades de educación patrimonial desarrolladas dentro del marco de proyectos de investigación arqueológica, en comunidades rurales mapuche de la IX° y X° región en el sur de Chile. Nos interesa exponer estas acciones pedagógicas, debatir sobre la metodología aplicada en el trabajo de campo arqueológico y sobre la relación de antropólogos y etnógrafos con la alteridad y con el patrimonio cultural allí presente. 
520 |a Con el presente artÌculo queremos dar cuenta de las actividades de educaciÛn patrimonial desarrolladas dentro del marco de proyectos de investigaciÛn arqueolÛgica, en comunidades rurales mapuche de la IXç y Xç regiÛn en el sur de Chile. Nos interesa exponer estas acciones pedagÛgicas, debatir sobre la metodologÌa aplicada en el trabajo de campo arqueolÛgico y sobre la relaciÛn de antropÛlogos y etnÛgrafos con la alteridad y con el patrimonio cultural allÌ presente. 
700 1 |a Adán Alfaro, Leonor 
700 1 |a Adán Alfaro, Leonor 
759 |a PP118 
773 0 |t Revista austral de ciencias sociales.  |w 039362 
856 |u http://mingaonline.uach.cl/pdf/racs/n7/art11.pdf  |3 Acceso electrónico al documento  |y Acceso electrónico al documento 
856 |u http://mingaonline.uach.cl/pdf/racs/n7/art11.pdf  |3 Acceso electrónico al documento  |y Acceso electrónico al documento 
900 |a REVISTA AUSTRAL DE CS. SOCIALES-07/03 
942 |c REVA 
952 |0 0  |1 0  |4 0  |6 REVISTA_AUSTRAL_DE_CS__SOCIALES07_03_000000000000000  |7 0  |8 General  |9 77857  |a BC  |b BC  |c General  |d 2017-08-03  |l 0  |o REVISTA AUSTRAL DE CS. SOCIALES-07/03  |p FICTICIO7060  |r 2019-01-08 00:00:00  |t 1  |w 2017-08-03  |y REVA 
999 |c 41501  |d 41501